000 00649nam a2200241Ia 4500
003 OSt
005 20220926014126.0
006 a|||||r|||| 00| 0
007 ta
008 220923b |||||||| |||| 00| 0 eng d
037 _cGeneral Book
040 _aRTL
_cRTL
_beng
041 _2eng
_aeng
082 _aX:8F, K8
100 _aBierman H
_9319819
245 0 _aFinancial accounting
_b An introduction
260 _aNew York
_bMacmillan Press
_c1968
300 _a420p
_ccm.
650 _aAccounts
700 _a Drebin A R
_9319820
942 _hX:8F, K8
_cGB
_2CC
999 _c627929
_d627929